[Event "POLFINAL MISTRZOSTW POLSKI JUNIOROW 2016 - C15"]
[Site "Centrum Kongresow i Rekreacji Orle Gniazdo ul. Wrzosowa 28a, Szczyrk"]
[Date "1899-12-30"]
[Round "3.15"]
[White "Butyrowski, Marcel"]
[Black "Sloniewski, Michal"]
[Result "1/2-1/2"]
[WhiteTitle "I"]
[BlackTitle "I"]
[WhiteElo "1742"]
[BlackElo "1579"]

1. Nf3 Nf6 2. c4 g6 3. b3 Bg7 4. Bb2 O-O 5. g3 c5 6. Bg2 Nc6 7. O-O Rb8 8. d4 cxd4
9. Nxd4 Re8 10. Nc3 e5 11. Ndb5 Bf8 12. Nd5 Bg7 13. Ba3 Nxd5 14. cxd5 Nd4 15.
Nxd4 exd4 16. Bd6 Ra8 17. Rc1 Qf6 18. Bf4 d6 19. Qd2 Qe7 20. Qb4 Rd8 21. Rfe1
Bf5 22. e4 dxe3 23. Bxe3 Qd7 24. Bd4 a6 25. Bxg7 Kxg7 26. Qd4+ Kg8 27. Qf6 Re8
28. h4 Rxe1+ 29. Rxe1 Re8 30. Rxe8+ Qxe8 31. Qxd6 Qe1+ 32. Kh2 Qxf2 33. Qb8+ Kg7
34. Qe5+ Kg8 35. a3 b6 36. d6 Qd2 37. b4 Be6 38. Qe4 a5 39. Qa8+ Kg7 40. bxa5
bxa5 41. Qc6 h6 42. Qc5 Kg8 43. Qe5 h5 44. Qc5 Bg4 45. Qc6 Be6 46. Qc5 Bf5 47.
Qe5 Be6 48. Qc5 Kh7 49. Qe5 Bd7 50. Qf6 Be6 51. Qe5 1/2-1/2

[Event "POLFINAL MISTRZOSTW POLSKI JUNIOROW 2016 - C15"]
[Site "Centrum Kongresow i Rekreacji Orle Gniazdo ul. Wrzosowa 28a, Szczyrk"]
[Date "1899-12-30"]
[Round "3.16"]
[White "Urbanski, Wojciech"]
[Black "Jordan, Adam"]
[Result "1/2-1/2"]
[WhiteTitle "II"]
[BlackTitle "II"]
[WhiteElo "1730"]
[BlackElo "1377"]

1. e4 c6 2. Nf3 d5 3. Nc3 dxe4 4. Nxe4 Nd7 5. Bc4 Ngf6 6. Ng3 g6 7. Qe2 Bg7 8.
d4 Nb6 9. Bb3 Bg4 10. c3 O-O 11. h3 Bxf3 12. Qxf3 Re8 13. O-O Nbd7 14. Bf4 h6
15. Rad1 a5 16. Bc2 Nd5 17. Rfe1 Nxf4 18. Qxf4 Qb8 19. Qf3 Qc7 20. Re2 b5 21.
a4 b4 22. cxb4 axb4 23. b3 Nb6 24. Be4 Nd5 25. Bxd5 cxd5 26. Qxd5 Rad8 27. Qe4
Qc3 28. Re3 Rxd4 29. Rxd4 Qxd4 30. Qxd4 Bxd4 31. Rd3 Be5 32. Kf1 Rc8 33. Ke2 f5
34. Kf3 Bxg3 35. Kxg3 Rc3 36. Re3 e5 37. Kf3 e4+ 38. Ke2 Rc2+ 39. Ke1 Kf7 40.
Re2 Rc3 41. Re3 Rc2 42. Re2 Rc3 43. Rb2 Ke6 44. Ke2 Kd5 45. Rd2+ Ke5 46. Rb2 1/2-1/2

[Event "POLFINAL MISTRZOSTW POLSKI JUNIOROW 2016 - C15"]
[Site "Centrum Kongresow i Rekreacji Orle Gniazdo ul. Wrzosowa 28a, Szczyrk"]
[Date "1899-12-30"]
[Round "3.17"]
[White "Ciesielski, Jan"]
[Black "Kosztyla, Mateusz"]
[Result "1-0"]
[WhiteTitle "II+"]
[BlackTitle "II"]
[WhiteElo "1784"]
[BlackElo "1288"]

1. d4 d5 2. f4 c5 3. e3 e6 4. c3 Nc6 5. Bd3 Nf6 6. Nf3 cxd4 7. exd4 Be7 8. O-O
O-O 9. Nbd2 Qc7 10. Ne5 Nd7 11. Qh5 Nf6 12. Qe2 h6 13. Ndf3 Bd6 14. Bd2 Ne7 15.
Nh4 a6 16. Kh1 b5 17. Rf3 Ne4 18. Bxe4 dxe4 19. Rg3 Kh8 20. Qxe4 Nf5 21. Nxf5
exf5 22. Qe2 Kh7 23. Qh5 Be6 24. Re1 Rae8 25. Rf1 g6 26. Nxg6 fxg6 27. Rxg6 Kh8
28. Rxh6+ Kg8 29. Rh8+ Kg7 30. Qh6+ Kf7 31. Rh7+ Kg8 32. Qg6+ 1-0

[Event "POLFINAL MISTRZOSTW POLSKI JUNIOROW 2016 - C15"]
[Site "Centrum Kongresow i Rekreacji Orle Gniazdo ul. Wrzosowa 28a, Szczyrk"]
[Date "1899-12-30"]
[Round "3.18"]
[White "Wilk, Radoslaw"]
[Black "Guzik, Kacper"]
[Result "1-0"]
[WhiteTitle "II"]
[BlackTitle "II"]
[WhiteElo "1499"]
[BlackElo "1182"]

1. d4 g6 2. Nf3 Nf6 3. Bg5 Bg7 4. Nbd2 O-O 5. e4 d6 6. c3 Nbd7 7. Bc4 c5 8. O-O
b6 9. Qc2 Bb7 10. Rfe1 Rc8 11. e5 dxe5 12. dxe5 Ng4 13. e6 Ndf6 14. exf7+ Kh8
15. Be6 Rc7 16. h3 Nh6 17. Rad1 Bd5 18. Bxf6 Bxf6 19. Nc4 Bxe6 20. Rxd8 Rxd8 21.
f8=Q+ Rxf8 22. Rxe6 Rd8 23. Nce5 Nf5 24. Nf7+ Kg7 25. Nxd8 1-0

[Event "POLFINAL MISTRZOSTW POLSKI JUNIOROW 2016 - C15"]
[Site "Centrum Kongresow i Rekreacji Orle Gniazdo ul. Wrzosowa 28a, Szczyrk"]
[Date "1899-12-30"]
[Round "4.1"]
[White "Poplawski, Maciej"]
[Black "Kaminski, Maciej"]
[Result "1/2-1/2"]
[WhiteTitle "I"]
[BlackTitle "I"]
[WhiteElo "1875"]
[BlackElo "1782"]

1. d4 Nf6 2. Nf3 g6 3. g3 Bg7 4. Bg2 O-O 5. O-O d6 6. Nc3 Nc6 7. d5 Na5 8. Qd3
c5 9. e4 Nd7 10. Bf4 a6 11. a4 Rb8 12. Rfe1 b5 13. axb5 axb5 14. e5 Nxe5 15. Nxe5
dxe5 16. Bxe5 Bxe5 17. Rxe5 Nc4 18. Ree1 Nxb2 19. Qe3 Bf5 20. Qxc5 Bxc2 21. Bf1
b4 22. Nb5 Bd3 23. Na7 Qb6 24. Qxe7 Rb7 25. Qe5 Nc4 26. Qf4 Bxf1 27. Rxf1 Na5
28. Nc6 Nxc6 29. dxc6 Qxc6 30. Rab1 Qb5 31. Rb3 Rfb8 32. Rfb1 Qe2 33. Kg2 Qe7
34. Qd4 Rb5 35. Kg1 Re5 36. Kf1 Re4 37. Qd2 Qb7 38. Kg1 Qb5 39. Qd6 Qe8 40. Kg2
Rc4 41. Kg1 Qf8 42. Qe5 Rc5 1/2-1/2

[Event "POLFINAL MISTRZOSTW POLSKI JUNIOROW 2016 - C15"]
[Site "Centrum Kongresow i Rekreacji Orle Gniazdo ul. Wrzosowa 28a, Szczyrk"]
[Date "1899-12-30"]
[Round "4.2"]
[White "Radecki, Adam"]
[Black "Filewicz, Radoslaw"]
[Result "0-1"]
[WhiteTitle "I"]
[BlackTitle "I"]
[WhiteElo "1456"]
[BlackElo "1827"]

1. d4 Nf6 2. Nf3 e6 3. e3 c5 4. b3 b6 5. Bb2 Bb7 6. Nbd2 Be7 7. Bd3 O-O 8. O-O
cxd4 9. exd4 d6 10. c4 Nbd7 11. Rc1 Rc8 12. Re1 Re8 13. Ne4 Nf8 14. Qd2 Ng6 15.
Nfg5 d5 16. Ng3 Bd6 17. Nh3 Qd7 18. c5 Bb8 19. a4 Bc6 20. Ba6 Rc7 21. Qe2 Rd8
22. Qd3 Ne4 23. Nxe4 dxe4 24. Qc3 f6 25. Ba3 Qxd4 26. cxb6 axb6 27. Bc4 Kf7 28.
Qxd4 Rxd4 29. f3 Ne5 30. Bb2 Rxc4 31. bxc4 Nd3 32. fxe4 Nxb2 33. Rf1 Ke7 34. c5
bxc5 35. Rxc5 Ba7 0-1

[Event "POLFINAL MISTRZOSTW POLSKI JUNIOROW 2016 - C15"]
[Site "Centrum Kongresow i Rekreacji Orle Gniazdo ul. Wrzosowa 28a, Szczyrk"]
[Date "1899-12-30"]
[Round "4.3"]
[White "Dytman, Radoslaw"]
[Black "Namyslak, Piotr"]
[Result "0-1"]
[WhiteTitle "I"]
[BlackTitle "I"]
[WhiteElo "1771"]
[BlackElo "1754"]

1. e4 e6 2. d4 d5 3. exd5 exd5 4. Bd3 Bd6 5. Nf3 Ne7 6. O-O O-O 7. Re1 Bf5 8. Nc3
c6 9. Ne2 Nd7 10. Ng3 Bxd3 11. Qxd3 Bxg3 12. fxg3 Nf6 13. Bf4 Re8 14. Re2 Ne4
15. Nd2 f5 16. Nxe4 fxe4 17. Qb3 Qb6 18. Qxb6 axb6 19. a3 Rac8 20. g4 Ng6 21.
Be3 Rf8 22. Rf2 Rxf2 23. Kxf2 Rf8+ 24. Kg3 Ne7 25. a4 g6 26. h3 Kg7 27. a5 Ra8
28. Bg5 Nc8 29. Bd2 bxa5 30. Rxa5 Rxa5 31. Bxa5 Nd6 32. b3 Nb5 33. c4 Nxd4 34.
cxd5 Nxb3 35. d6 Nc5 36. Bb4 Nd7 37. Kf4 Kf6 38. Kxe4 Ke6 39. Kf4 c5 40. Bc3 b5
41. Ke4 Kxd6 42. h4 b4 43. Bg7 b3 44. h5 Nb6 45. hxg6 hxg6 46. Kf4 Nd5+ 47. Ke4
c4 48. Kd4 b2 0-1

[Event "POLFINAL MISTRZOSTW POLSKI JUNIOROW 2016 - C15"]
[Site "Centrum Kongresow i Rekreacji Orle Gniazdo ul. Wrzosowa 28a, Szczyrk"]
[Date "1899-12-30"]
[Round "4.4"]
[White "Kawalko, Adam"]
[Black "Marczak, Szymon"]
[Result "1-0"]
[WhiteTitle "II+"]
[BlackTitle "I"]
[WhiteElo "1659"]
[BlackElo "1789"]

1. e4 c5 2. Nf3 e6 3. d4 cxd4 4. Nxd4 Nc6 5. Nc3 Qc7 6. a3 Nf6 7. Be3 a6 8. Be2
Be7 9. O-O O-O 10. Kh1 b5 11. f3 Bb7 12. Qd2 Rac8 13. Bd3 Ne5 14. Nce2 d5 15.
exd5 Nxd5 16. Bf2 Rfd8 17. Bg3 Bd6 18. Bxe5 Bxe5 19. f4 Nxf4 20. Rxf4 Bxf4 21.
Nxf4 e5 22. Nfe6 fxe6 23. Nxe6 Qc6 24. Nxd8 Rxd8 25. Bc4+ bxc4 26. Qxd8+ Kf7 27.
Rf1+ Kg6 28. Qd2 e4 29. Qe3 Qb5 30. Qg3+ Kh6 31. Rf4 g5 32. Rf6+ Kg7 33. Qc3 Kg8
34. Qd4 Qa5 35. Qxc4+ Bd5 36. Qc3 Qd8 37. Rf1 Qa8 38. Qe3 h6 39. Rd1 Be6 40. Rd6
Kf7 41. Rd4 Bf5 42. Qb3+ Kg7 43. Qd5 Qf8 44. Qe5+ Kh7 45. Qc7+ 1-0

[Event "POLFINAL MISTRZOSTW POLSKI JUNIOROW 2016 - C15"]
[Site "Centrum Kongresow i Rekreacji Orle Gniazdo ul. Wrzosowa 28a, Szczyrk"]
[Date "1899-12-30"]
[Round "4.5"]
[White "Galuszka, Tomasz"]
[Black "Paliwoda, Borys"]
[Result "1/2-1/2"]
[WhiteTitle "II+"]
[BlackTitle "II+"]
[WhiteElo "1752"]
[BlackElo "1717"]

1. e4 c5 2. Nf3 e6 3. d4 cxd4 4. Nxd4 Qb6 5. Nb3 a6 6. Be3 Qc7 7. Nc3 b5 8. a3
Bb7 9. Bd3 Nf6 10. O-O Be7 11. f4 d6 12. Kh1 Nbd7 13. Qe2 O-O 14. Bg1 Rac8 15.
Rae1 e5 16. f5 d5 17. exd5 Nxd5 18. Nxd5 Bxd5 19. Nd2 Kh8 20. Nf3 f6 21. Nh4 Bf7
22. Qg4 Bc5 23. Rf3 Bxg1 24. Rg3 Rg8 25. Kxg1 Qc5+ 26. Kh1 Rcd8 27. Ng6+ Bxg6
28. fxg6 h6 29. Bf5 Qf2 30. Rg1 Nc5 31. b4 Rd4 32. Qf3 Qxf3 33. gxf3 Na4 34. Be6
Rgd8 35. Rh3 R4d6 36. Rxh6+ gxh6 37. g7+ Kh7 38. g8=Q+ Rxg8 39. Bxg8+ Kh8 40.
Bb3 Nc3 41. Rg8+ Kh7 42. Rc8 1/2-1/2

[Event "POLFINAL MISTRZOSTW POLSKI JUNIOROW 2016 - C15"]
[Site "Centrum Kongresow i Rekreacji Orle Gniazdo ul. Wrzosowa 28a, Szczyrk"]
[Date "1899-12-30"]
[Round "4.6"]
[White "Kupiecki, Szymon"]
[Black "Kaminski, Antoni"]
[Result "1/2-1/2"]
[WhiteTitle "II"]
[BlackTitle "II+"]
[WhiteElo "1742"]
[BlackElo "1611"]

1. e4 c5 2. c4 Nc6 3. Nc3 e6 4. g3 Nf6 5. Bg2 d5 6. exd5 exd5 7. Nxd5 Nxd5 8. Bxd5
Nb4 9. d3 Nxd5 10. cxd5 Qxd5 11. Qf3 Be6 12. Qxd5 Bxd5 13. f3 Be7 14. Be3 b6 15.
b3 O-O 16. Kf2 Rad8 17. Rd1 Rd7 18. Rd2 Rfd8 19. Ne2 Bf6 20. Rhd1 Be6 21. Kf1
g6 22. Kf2 Kg7 23. Kf1 Kg8 24. Kf2 Kg7 25. Kf1 Kg8 26. Kf2 1/2-1/2

[Event "POLFINAL MISTRZOSTW POLSKI JUNIOROW 2016 - C15"]
[Site "Centrum Kongresow i Rekreacji Orle Gniazdo ul. Wrzosowa 28a, Szczyrk"]
[Date "1899-12-30"]
[Round "4.7"]
[White "Dyrda, Jakub"]
[Black "Jarzebowski, Kacper"]
[Result "0-1"]
[WhiteTitle "II"]
[BlackTitle "I+"]
[WhiteElo "1575"]
[BlackElo "1852"]

1. d4 Nf6 2. Bg5 e6 3. Nd2 h6 4. Bh4 d5 5. e3 c5 6. c3 Bd7 7. Bd3 Be7 8. f4 Qb6
9. Rb1 Nc6 10. Ngf3 Rc8 11. Ne5 Bd6 12. Ndf3 Ne7 13. O-O Bb5 14. Bxb5+ Qxb5 15.
a4 Qa6 16. Bxf6 gxf6 17. Nxf7 Kxf7 18. Ne5+ Bxe5 19. fxe5 f5 20. Qh5+ Kf8 21.
g4 Rg8 22. Kh1 Qe2 23. Qxh6+ Ke8 24. h3 Kd7 25. Rbe1 Qc2 26. Qh4 Qe4+ 27. Kh2
Rh8 28. Qf6 Qxg4 0-1

[Event "POLFINAL MISTRZOSTW POLSKI JUNIOROW 2016 - C15"]
[Site "Centrum Kongresow i Rekreacji Orle Gniazdo ul. Wrzosowa 28a, Szczyrk"]
[Date "1899-12-30"]
[Round "4.8"]
[White "Posluszny, Tomasz"]
[Black "Zolkiewski, Jakub"]
[Result "1-0"]
[WhiteTitle "II"]
[BlackTitle "I"]
[WhiteElo "1783"]
[BlackElo "1607"]

1. d4 Nf6 2. c4 g6 3. Nc3 Bg7 4. e4 d6 5. f3 O-O 6. Be3 Nbd7 7. Qd2 c5 8. d5 a6
9. Nge2 Rb8 10. Nc1 Ne5 11. a4 b6 12. h3 Ne8 13. f4 Nd7 14. Be2 e6 15. dxe6 fxe6
16. O-O Qe7 17. Kh2 Bb7 18. Bf3 Kh8 19. N1e2 Rd8 20. Rad1 Nb8 21. g3 Nc6 22. Bg2
Nf6 23. g4 e5 24. f5 gxf5 25. exf5 Nd4 26. Ng3 Bxg2 27. Qxg2 h6 28. Rfe1 Qf7 29.
Nd5 Nxd5 30. cxd5 Qd7 31. Bxd4 cxd4 32. b3 Rc8 33. Rc1 Rc7 34. Ne4 Qe7 35. Qd2
Kh7 36. Rxc7 Qxc7 37. Rc1 Qd8 38. Rc6 Rf7 39. Rxd6 Rd7 40. Rxd7 Qxd7 41. d6 Qc6
42. Qd3 Kg8 43. h4 Kf8 44. g5 hxg5 45. hxg5 Ke8 46. f6 Bf8 47. f7+ Kd8 48. Qf3
Qc2+ 49. Kg3 Qc1 50. Qf6+ Kd7 51. Qf5+ Kd8 52. Qf6+ Kd7 53. Qf5+ Kd8 54. Qxe5
Qe1+ 55. Kg4 Qe2+ 56. Kf5 Qf1+ 57. Kg6 1-0

[Event "POLFINAL MISTRZOSTW POLSKI JUNIOROW 2016 - C15"]
[Site "Centrum Kongresow i Rekreacji Orle Gniazdo ul. Wrzosowa 28a, Szczyrk"]
[Date "1899-12-30"]
[Round "4.9"]
[White "Zerebiec, Maurycy"]
[Black "Dzwierzynski, Bartosz"]
[Result "0-1"]
[WhiteTitle "II"]
[BlackTitle "II"]
[WhiteElo "1488"]
[BlackElo "1650"]

1. d4 d5 2. c4 e6 3. Nf3 f5 4. Nc3 c6 5. Bf4 Nf6 6. e3 Bd6 7. Be5 O-O 8. Be2 Ne4
9. c5 Bxe5 10. Nxe5 Nd7 11. Nxd7 Bxd7 12. Nxe4 fxe4 13. f3 Qg5 14. f4 Qxg2 15.
Kd2 Qg6 16. Rg1 Qf6 17. Bh5 Be8 18. Qg4 Kh8 19. Qh3 b6 20. Rac1 Qh6 21. Bg4 Qxh3
22. Bxh3 Rf6 23. b4 b5 24. a4 Rh6 25. Rg3 a5 26. axb5 cxb5 27. bxa5 Rxa5 28. c6
Ra8 29. c7 Rc8 30. Rc5 Bd7 31. Kc3 Kg8 32. Kb4 Kf8 33. Ka5 g6 34. Kb6 Ke7 35.
Kb7 b4 36. Ra5 b3 37. Ra6 Re8 38. Rb6 Bc8+ 39. Kb8 Bd7+ 40. Ka7 b2 41. Rxb2 Kd6
42. Kb6 Ra8 43. Bf1 Ra3 44. Ba6 Rc3 45. c8=Q Bxc8 46. Bxc8 Rxc8 47. Kb7 Rc1 48.
Rgg2 Rh3 49. Rge2 Rc3 50. Ra2 Rhxe3 51. Rxe3 Rxe3 52. Kc8 Ke7 53. Ra7+ Kf6 54.
Rxh7 Rd3 55. Kd7 Rxd4 56. h3 Ra4 57. Rh8 Ra7+ 58. Kd6 Ra6+ 59. Kd7 Kg7 60. Re8
e3 61. Rb8 e2 62. Rb1 d4 0-1

[Event "POLFINAL MISTRZOSTW POLSKI JUNIOROW 2016 - C15"]
[Site "Centrum Kongresow i Rekreacji Orle Gniazdo ul. Wrzosowa 28a, Szczyrk"]
[Date "1899-12-30"]
[Round "4.10"]
[White "Gazda, Dominik"]
[Black "Burzak, Wojciech"]
[Result "0-1"]
[WhiteTitle "II+"]
[BlackTitle "I"]
[WhiteElo "1377"]
[BlackElo "1624"]

1. e4 c5 2. Nf3 e6 3. c3 a6 4. d4 d5 5. exd5 exd5 6. Bd3 Nf6 7. O-O c4 8. Bc2 Be7
9. Re1 O-O 10. Bf4 Nc6 11. Nbd2 Bg4 12. Qb1 Bd6 13. Bg5 h6 14. Bh4 Bxf3 15. Nxf3
Be7 16. Qc1 Nd7 17. Bg3 Re8 18. Qf4 Nf8 19. Qg4 Bf6 20. Bf4 Rxe1+ 21. Rxe1 Kh8
22. Qh5 Kg8 23. Ne5 Nxe5 24. dxe5 Be7 25. Qf5 Qb6 26. Qg4 Rd8 27. e6 Nxe6 28.
Bxh6 Bf6 29. Bc1 d4 30. Bf5 Nf8 31. cxd4 Bxd4 32. Qe2 Qc5 33. Bc2 b5 34. Rd1 Qb6
35. Be3 Bxe3 36. Rxd8 Bxf2+ 37. Qxf2 Qxd8 38. Qf5 Qd4+ 0-1

[Event "POLFINAL MISTRZOSTW POLSKI JUNIOROW 2016 - C15"]
[Site "Centrum Kongresow i Rekreacji Orle Gniazdo ul. Wrzosowa 28a, Szczyrk"]
[Date "1899-12-30"]
[Round "4.11"]
[White "Rak, Maciej"]
[Black "Lendzion, Kamil"]
[Result "1/2-1/2"]
[WhiteTitle "II+"]
[BlackTitle "II"]
[WhiteElo "1619"]
[BlackElo "1417"]

1. f4 c5 2. Nf3 Nc6 3. b3 d5 4. e3 Bf5 5. Bb5 Qb6 6. Bxc6+ Qxc6 7. O-O f6 8. d3
e6 9. Nbd2 O-O-O 10. Qe2 Bd6 11. Bb2 Ne7 12. d4 Kb8 13. c4 Rc8 14. Rfc1 Qd7 15.
a3 cxd4 16. Bxd4 Nc6 17. Bb2 Qe7 18. b4 dxc4 19. Nxc4 Be4 20. b5 Nd8 21. a4 Bc5
22. Kh1 Nf7 23. Nfd2 Bd5 24. e4 Bxc4 25. Nxc4 Rhd8 26. e5 Bd4 27. Ba3 Bc5 28.
Bb2 Bd4 29. Ba3 Bc5 30. Bb2 Bd4 31. Ba3 1/2-1/2

[Event "POLFINAL MISTRZOSTW POLSKI JUNIOROW 2016 - C15"]
[Site "Centrum Kongresow i Rekreacji Orle Gniazdo ul. Wrzosowa 28a, Szczyrk"]
[Date "1899-12-30"]
[Round "4.12"]
[White "Wilk, Radoslaw"]
[Black "Ciesielski, Jan"]
[Result "0-1"]
[WhiteTitle "II"]
[BlackTitle "II+"]
[WhiteElo "1499"]
[BlackElo "1784"]

1. d4 c6 2. Nf3 d5 3. c3 Nf6 4. Bg5 e6 5. e3 Be7 6. Nbd2 Nbd7 7. Bd3 O-O 8. Qc2
h6 9. Bh4 c5 10. Bxf6 Nxf6 11. Ne5 Bd6 12. Be2 cxd4 13. exd4 Bxe5 14. dxe5 Nd7
15. f4 b6 16. O-O-O Bb7 17. Nf3 Nc5 18. Nd4 Ba6 19. Bxa6 Nxa6 20. b4 Qd7 21. Qb3
Rfc8 22. Kb2 Nc7 23. b5 a6 24. a4 axb5 25. axb5 Ra5 26. Ra1 Nxb5 27. Rxa5 bxa5
28. Qa4 Qe8 29. Nxb5 Rb8 30. Ka3 Qxb5 31. Qxb5 Rxb5 32. Ka4 Rc5 33. g3 Rxc3 34.
Kxa5 Rc2 35. Kb4 Kh7 36. Kb3 Rg2 37. Kb4 Kg6 38. Kc5 Rd2 39. Kd6 d4 40. Ke7 d3
41. h4 h5 42. g4 hxg4 43. h5+ Kh6 44. Kxf7 Rf2 45. Kxe6 Rxf4 46. Ke7 g3 47. e6
d2 48. Ke8 g2 49. Rg1 Rf1 50. Rxf1 gxf1=Q 51. e7 Qb5+ 0-1

[Event "POLFINAL MISTRZOSTW POLSKI JUNIOROW 2016 - C15"]
[Site "Centrum Kongresow i Rekreacji Orle Gniazdo ul. Wrzosowa 28a, Szczyrk"]
[Date "1899-12-30"]
[Round "4.13"]
[White "Wolak, Kamil"]
[Black "Butyrowski, Marcel"]
[Result "1/2-1/2"]
[WhiteTitle "II"]
[BlackTitle "I"]
[WhiteElo "1385"]
[BlackElo "1742"]

1. e4 c5 2. Nf3 Nc6 3. d4 cxd4 4. Nxd4 g6 5. Nc3 Bg7 6. Be3 Nf6 7. Bc4 Qa5 8. O-O
O-O 9. Bb3 Nxd4 10. Bxd4 d6 11. Nd5 Nxd5 12. Bxg7 Kxg7 13. Qxd5 Qxd5 14. exd5
Bd7 15. Rfe1 Rfe8 16. Rad1 Rac8 17. Re3 b5 18. c3 Bf5 19. Rde1 Rc7 20. h3 Kf8
21. Bd1 Rc5 22. g4 Bc8 23. Bf3 Bb7 24. Rd3 Rec8 25. Kg2 a5 26. Rd4 Rc4 27. Ree4
Rxd4 28. Rxd4 Ke8 29. Kf1 h6 30. Be2 Rc5 31. b4 axb4 32. cxb4 Rxd5 33. Rxd5 Bxd5
34. Bxb5+ Kd8 35. a4 Kc7 36. Ke2 e5 37. Ke3 f5 38. gxf5 gxf5 39. f4 Be4 40. fxe5
dxe5 41. Bd3 Bxd3 42. Kxd3 Kb6 43. a5+ Kb5 44. Ke3 Ka6 45. Kf3 Kb5 46. Ke3 Ka6
47. Kf3 Kb5 1/2-1/2

[Event "POLFINAL MISTRZOSTW POLSKI JUNIOROW 2016 - C15"]
[Site "Centrum Kongresow i Rekreacji Orle Gniazdo ul. Wrzosowa 28a, Szczyrk"]
[Date "1899-12-30"]
[Round "4.14"]
[White "Byra, Aron"]
[Black "Urbanski, Wojciech"]
[Result "0-1"]
[WhiteTitle "II"]
[BlackTitle "II"]
[WhiteElo "1232"]
[BlackElo "1730"]

1. e4 c5 2. Nf3 a6 3. d4 cxd4 4. Nxd4 Nf6 5. Nc3 e5 6. Nb3 Bb4 7. Bd3 d5 8. O-O
Bxc3 9. bxc3 dxe4 10. Bc4 Qc7 11. Bd5 O-O 12. c4 Nc6 13. Bxc6 Qxc6 14. c5 Be6
15. Be3 Ng4 16. Qe2 f5 17. h3 Nxe3 18. Qxe3 Rac8 19. Rac1 Rf6 20. Rfd1 Bxb3 21.
cxb3 Rg6 22. Qc3 e3 23. f3 Qxf3 24. Qc4+ Kh8 25. Qf1 Qe4 26. Re1 f4 27. Rc4 Qd5
28. Rd1 Rxg2+ 29. Qxg2 Qxd1+ 30. Kh2 f3 31. Qg4 Qe2+ 32. Kh1 Rd8 33. Rc1 Rd1+
34. Rxd1 Qxd1+ 35. Kh2 Qe2+ 36. Kh1 Qf1+ 37. Kh2 Qf2+ 38. Kh1 g6 39. a3 e2 40.
Qc8+ Kg7 41. Qd7+ Kh6 42. Qd2+ Kh5 43. Qxe2 fxe2 0-1

[Event "POLFINAL MISTRZOSTW POLSKI JUNIOROW 2016 - C15"]
[Site "Centrum Kongresow i Rekreacji Orle Gniazdo ul. Wrzosowa 28a, Szczyrk"]
[Date "1899-12-30"]
[Round "4.15"]
[White "Jordan, Adam"]
[Black "Kukorowski, Jan"]
[Result "0-1"]
[WhiteTitle "II"]
[BlackTitle "I"]
[WhiteElo "1377"]
[BlackElo "1700"]

1. d4 Nf6 2. c4 c5 3. d5 e5 4. Nc3 d6 5. e4 Nbd7 6. Bd3 Be7 7. Nge2 O-O 8. O-O
Ne8 9. a3 Bg5 10. b4 g6 11. Na4 b6 12. bxc5 Nxc5 13. Nxc5 bxc5 14. Rb1 Ng7 15.
Bc2 f5 16. f3 f4 17. Ba4 a6 18. Bd2 Nh5 19. Bc6 Ra7 20. Qa4 Bh4 21. Rb8 Qg5 22.
Kh1 Qh6 23. Kg1 g5 24. Rfb1 g4 25. fxg4 Bxg4 26. Rxf8+ Qxf8 27. Nc3 f3 28. Qb3
fxg2 29. Be3 Rf7 30. Qb8 Bc8 31. Kxg2 Rg7+ 32. Kh1 Qf3# 0-1

[Event "POLFINAL MISTRZOSTW POLSKI JUNIOROW 2016 - C15"]
[Site "Centrum Kongresow i Rekreacji Orle Gniazdo ul. Wrzosowa 28a, Szczyrk"]
[Date "1899-12-30"]
[Round "4.16"]
[White "Pospiech, Mateusz"]
[Black "Sloniewski, Michal"]
[Result "0-1"]
[WhiteTitle "III"]
[BlackTitle "I"]
[WhiteElo "1153"]
[BlackElo "1579"]

1. c4 c5 2. g3 g6 3. Bg2 Bg7 4. Nc3 Nc6 5. e3 Nf6 6. Nge2 O-O 7. O-O d6 8. b3 Bf5
9. Ba3 Qd7 10. Rc1 Bh3 11. Nf4 Bxg2 12. Nxg2 a6 13. Nf4 Rab8 14. Qe2 b6 15. d3
b5 16. Bb2 Qb7 17. Ra1 Ne5 18. e4 Nfd7 19. Rfe1 e6 20. Red1 Nc6 21. Kg2 Nd4 22.
Qd2 Ne5 23. Rab1 Qc7 24. Nce2 Nec6 25. Nxd4 Nxd4 26. Ba1 Qe7 27. Ne2 e5 28. Nxd4
exd4 29. Re1 Qb7 30. Qc2 f5 31. f3 f4 32. g4 Qe7 33. Qf2 Bf6 34. Kh3 Qg7 35. Qg1
Qe7 36. Kg2 Qe5 37. Kh1 Kf7 38. Re2 Rg8 39. Rg2 Bh4 40. g5 h6 41. gxh6 Qh5 42.
Rg4 g5 43. Qg2 Rh8 44. Kg1 Rxh6 45. Rb2 Rbh8 46. Re2 Bg3 47. hxg3 Qh1+ 48. Qxh1
Rxh1+ 49. Kf2 R8h2# 0-1

[Event "POLFINAL MISTRZOSTW POLSKI JUNIOROW 2016 - C15"]
[Site "Centrum Kongresow i Rekreacji Orle Gniazdo ul. Wrzosowa 28a, Szczyrk"]
[Date "1899-12-30"]
[Round "4.17"]
[White "Golinski, Kacper"]
[Black "Piersiak, Krystian"]
[Result "1-0"]
[WhiteTitle "II"]
[BlackTitle "II"]
[WhiteElo "1414"]
[BlackElo "1461"]

1. e4 c6 2. d4 d5 3. e5 Bf5 4. Nc3 Nd7 5. g4 Bg6 6. f4 h6 7. f5 Bh7 8. Qf3 e6 9.
Be3 c5 10. O-O-O c4 11. Bh3 Qb6 12. Rf1 O-O-O 13. Nge2 a5 14. Rhg1 Be7 15. g5
hxg5 16. Bxg5 Bxg5+ 17. Rxg5 exf5 18. Bxf5 Qh6 19. Qh5 Qxh5 20. Rxh5 g6 21. Bxd7+
Rxd7 22. Rh3 Kc7 23. Rhf3 Nh6 24. Nb5+ Kc6 25. Rf6+ Kxb5 26. Nc3+ Kb4 27. a3#
1-0

[Event "POLFINAL MISTRZOSTW POLSKI JUNIOROW 2016 - C15"]
[Site "Centrum Kongresow i Rekreacji Orle Gniazdo ul. Wrzosowa 28a, Szczyrk"]
[Date "1899-12-30"]
[Round "4.18"]
[White "Kosztyla, Mateusz"]
[Black "Guzik, Kacper"]
[Result "1/2-1/2"]
[WhiteTitle "II"]
[BlackTitle "II"]
[WhiteElo "1288"]
[BlackElo "1182"]

1. e4 e5 2. Nf3 Nc6 3. Bb5 Bc5 4. O-O d6 5. c3 Nge7 6. h3 O-O 7. Re1 Bd7 8. Ba4
Ng6 9. d4 exd4 10. cxd4 Bb6 11. Bb3 h6 12. Be3 Re8 13. Qc2 Nb4 14. Qc4 Ba5 15.
d5 Ne5 16. Nxe5 Rxe5 17. Bd2 c5 18. dxc6 Be6 19. Qe2 Nxc6 20. Bxe6 Rxe6 21. Nc3
Nd4 22. Qd1 Bb6 23. Nd5 Rc8 24. Bc3 Nb5 25. Bd2 Nd4 26. Rc1 Rxc1 27. Qxc1 Nc6
28. Bc3 Bd4 29. Bxd4 Nxd4 30. Qc3 Nc6 31. f3 Re8 32. Rd1 Qd7 33. Nf4 Rc8 34. e5
Qf5 35. Nd5 Qxe5 36. Qxe5 dxe5 37. Rc1 Rd8 38. Rd1 Kf8 39. Kf1 Ne7 40. Nc3 Rxd1+
41. Nxd1 Nc6 1/2-1/2

[Event "POLFINAL MISTRZOSTW POLSKI JUNIOROW 2016 - C15"]
[Site "Centrum Kongresow i Rekreacji Orle Gniazdo ul. Wrzosowa 28a, Szczyrk"]
[Date "1899-12-30"]
[Round "5.1"]
[White "Filewicz, Radoslaw"]
[Black "Poplawski, Maciej"]
[Result "1/2-1/2"]
[WhiteTitle "I"]
[BlackTitle "I"]
[WhiteElo "1827"]
[BlackElo "1875"]

1. d4 c5 2. c3 Nf6 3. Nf3 d5 4. Bf4 Nc6 5. e3 e6 6. Nbd2 Bd6 7. Bxd6 Qxd6 8. Be2
O-O 9. O-O b6 10. a3 Bb7 11. Rc1 Rfe8 12. b4 Nd7 13. Qb3 c4 14. Qc2 e5 15. dxe5
Ndxe5 16. Rcd1 Qf6 17. Rfe1 Ng6 18. Nf1 Rad8 19. Ng3 Bc8 20. Rd2 Qe6 21. Red1
b5 22. a4 a6 23. axb5 axb5 24. h3 f5 25. Nd4 Nxd4 26. Rxd4 Ne5 27. Nh5 Nc6 28.
R4d2 Qe4 29. Bf3 Qxc2 30. Rxc2 Re5 31. Rcd2 Ne7 32. Nf4 Bb7 33. h4 g6 34. Ne2
Re6 35. Nd4 Rb6 36. Ra2 Ra8 37. Rxa8+ Bxa8 38. Ra1 Bb7 39. Ra5 Ba6 40. Ne2 Kf7
41. Nf4 Bb7 42. Kf1 1/2-1/2

[Event "POLFINAL MISTRZOSTW POLSKI JUNIOROW 2016 - C15"]
[Site "Centrum Kongresow i Rekreacji Orle Gniazdo ul. Wrzosowa 28a, Szczyrk"]
[Date "1899-12-30"]
[Round "5.2"]
[White "Namyslak, Piotr"]
[Black "Kawalko, Adam"]
[Result "1/2-1/2"]
[WhiteTitle "I"]
[BlackTitle "II+"]
[WhiteElo "1754"]
[BlackElo "1659"]

1. c4 Nf6 2. Nc3 c5 3. g3 e6 4. d3 Be7 5. Bg2 O-O 6. e4 Nc6 7. Nge2 d6 8. O-O e5
9. f4 Bg4 10. Be3 a6 11. h3 Bxe2 12. Qxe2 Rb8 13. fxe5 dxe5 14. Nd5 Nd4 15. Bxd4
cxd4 16. h4 g6 17. Nxe7+ Qxe7 18. Bh3 Nh5 19. Qf3 b5 20. b3 Rb6 21. Rac1 Qa3 22.
Qg2 b4 23. c5 Rc6 24. Bd7 Rc7 25. c6 Qa5 26. Kh2 Qb6 27. Qc2 Kg7 28. Qc5 Qxc5
29. Rxc5 Nf6 30. Rfc1 Rd8 31. Kh3 Nxd7 32. cxd7 Rxc5 33. Rxc5 Rxd7 34. Rxe5 Kf6
35. Rc5 Ke6 36. Rc4 a5 37. Rc5 f5 38. exf5+ gxf5 39. Kg2 Rd5 40. Rc4 h6 41. Kf3
Kf6 42. Kf4 Kg6 43. Rc6+ Kg7 44. h5 Kh7 45. Rf6 Rc5 46. Rf7+ Kg8 47. Rd7 Rc2 48.
Kxf5 Rxa2 49. Kg6 Kf8 50. Rxd4 Rb2 51. Kxh6 Rxb3 52. Kg6 Rc3 53. Rd6 Ke7 54. Rd5
b3 55. Rxa5 Rxd3 56. g4 Rd4 57. g5 Rb4 58. Ra1 b2 59. Rb1 Kf8 60. Kh7 Rb7+ 1/2-1/2